Daňové priznanie k dani z príjmov fyzických osôb za rok 2010

Povinnosť podať daňové priznanie vyplýva z ustanovenia par. 32 ods. 1 zákona č. 595/2003 Z. z. o dani z príjmov v znení neskorších predpisov. Základ dane - kvantitatívny parameter pre určenie výšky daňovej povinnosti. Zásady pri zisťovaní základu dane. Celkový základ dane daňovníka. Odpočítateľné po...

Full description

Saved in:
Bibliographic Details
Main Author: Drozd, Marián
Format: Book Chapter
Language:Slovak
Subjects:
Tags: Add Tag
No Tags, Be the first to tag this record!

MARC

LEADER 00000naa a2200000 4500
001 0125755
005 20231109102706.9
041 0 |a slo 
044 |a SK 
245 1 0 |a Daňové priznanie k dani z príjmov fyzických osôb za rok 2010  |c Marián Drozd 
520 |a Povinnosť podať daňové priznanie vyplýva z ustanovenia par. 32 ods. 1 zákona č. 595/2003 Z. z. o dani z príjmov v znení neskorších predpisov. Základ dane - kvantitatívny parameter pre určenie výšky daňovej povinnosti. Zásady pri zisťovaní základu dane. Celkový základ dane daňovníka. Odpočítateľné položky od celkového základu dane. Daň. Daňový bonus. Vzor daňového priznania. Príklad na vyplnenie daňového priznania typ A. Príklad na vyplnenie daňového priznania typ B. 
610 2 0 |a priznania daňové 
610 2 0 |a dane z príjmov 
610 2 0 |a osoby fyzické 
610 2 0 |a základ dane 
610 2 0 |a legislatíva 
100 1 |a Drozd, Marián